000 01114nam a2200301Ia 4500
003 OSt
005 20221005110630.0
006 a|||||r|||| 00| 0
007 ta
008 221004b |||||||| |||| 00| 0 hin d
020 _a9788126320622 (pbk)
_cINR 120.00
024 _a37064
037 _bBW/1695, 15/03/2018, Bookwell
_cTextual
040 _aCRL
_cCRL
_bhin
041 _2hin
_ahin
082 _aO152,3N19x, Q5
100 _aअमृता प्रीतम, ले.
245 0 _aसत्रह कहानियॉं
246 _aSatrah kahāniyaॉan
250 _aसंस्करण 11
260 _aनई दिल्ली
_bभारतीय ज्ञानपीठ भारत
_c2015
300 _a128पृ0
_ccm.
490 _aराष्ट्रभारती; ग्रन्थांक 460
650 _a हिन्दी साहित्य
650 _aहिन्दी कहानी
942 _hO152,3N19x, Q5
_cTEXL
_2cc
999 _c1019401
_d1019401